[Event "TUR Cup										"]
[Site "Antalya"]
[Date "2018.01.31"]
[Round "7"]
[White "Bozdag, Mehmet"]
[Black "Erim, Engin"]
[Result "0-1"]
[WhiteElo "1429"]
[BlackElo "1606"]
[PlyCount "88"]
[EventDate "2018.01.27"]
[EventType "swiss"]
[EventRounds "11"]
[EventCountry "TUR"]
[SourceTitle "CBM 182 Extra"]
[Source "ChessBase"]
[SourceDate "2018.02.23"]
[SourceVersion "1"]
[SourceVersionDate "2018.02.23"]
[SourceQuality "1"]

1. c4 c5 2. g3 Nf6 3. Bg2 e6 4. Nf3 d6 5. 0-0 Qc7 6. b3 Be7 7. Bb2 a6 8. Re1 Nbd7 9. Nc3 b6 10. d4 cxd4 11. Nxd4 Bb7 12. e4 0-0 13. Kh1 Rac8 14. f4 Qb8 15. Nf3 Rfd8 16. Qc2 Qa8 17. Nd2 Bf8 18. Re2 b5 19. cxb5 axb5 20. b4 d5 21. Qb3 dxe4 22. Ncxe4 Nxe4 23. Bxe4 Nb6 24. Qf3 Bxe4 25. Qxe4 Bxb4 26. Qxa8 Rxa8 27. Nf3 Nc4 28. h4 Nxb2 29. Ne5 Rd2 30. Re4 Bc3 31. Nf3 Rc2 32. Nd4 Bxd4 33. Rxd4 Nc4 34. a4 h5 35. a5 Rxa5 36. Rxa5 Nxa5 37. Rb4 Rc5 38. Kg2 Nc6 39. Rb2 b4 40. Kf3 Rc3+ 41. Kf2 b3 42. Kf1 Nd4 43. g4 hxg4 44. f5 exf5 0-1

[Event "Istanbul op-A 12th"]
[Site "Istanbul"]
[Date "2013.10.15"]
[Round "5"]
[White "Muratoglu, Salih"]
[Black "Erim, Engin"]
[Result "1-0"]
[WhiteElo "2069"]
[BlackElo "1771"]
[PlyCount "81"]
[EventDate "2013.10.12"]
[EventType "swiss"]
[EventRounds "9"]
[EventCountry "TUR"]
[SourceTitle "EXT 2014"]
[Source "ChessBase"]
[SourceDate "2013.11.20"]
[SourceVersion "1"]
[SourceVersionDate "2013.11.20"]
[SourceQuality "1"]

1. b4 e6 2. Bb2 Nf6 3. a3 d5 4. e3 a6 5. Nf3 c5 6. bxc5 Bxc5 7. d4 Be7 8. Nbd2 0-0 9. Bd3 Bd7 10. a4 Nc6 11. c4 Nb4 12. Be2 Rc8 13. c5 Nc6 14. Bc3 Qc7 15. Bd3 Ne8 16. Rb1 f5 17. Rb6 Nf6 18. Qb3 Rb8 19. 0-0 Ne4 20. Rb1 Nxc3 21. Qxc3 Bf6 22. Qb2 Bc8 23. Bxa6 e5 24. Bb5 exd4 25. exd4 Nxd4 26. Nxd4 Qxc5 27. Rxf6 Rxf6 28. Re1 Qd6 29. Qc2 Bd7 30. N2f3 Rc8 31. Qd3 g6 32. g3 Rff8 33. Rd1 Rfd8 34. Qe3 Re8 35. Qg5 Bxb5 36. axb5 Qe7 37. Qd2 Qc5 38. Kg2 Qc3 39. Qg5 Rf8 40. Ne6 Rf6 41. Rc1 1-0